Sports Quiz

Random Sports or MLB Quiz
Score 0/278 Timer 20:00
22 Plays Today
HR Player % Correct
38Giancarlo Stanton
97.7%
59Giancarlo Stanton
96.7%
52Aaron Judge
96.6%
45Mike Trout
95.5%
48Khris Davis
95.4%
54Jose Bautista
94.9%
43Jose Bautista
94.9%
40Jose Bautista
94.9%
35Jose Bautista
94.9%
43Khris Davis
94.8%
53Chris Davis
94.4%
47Chris Davis
94.4%
38Chris Davis
94.4%
33Chris Davis
94.4%
39Mike Trout
94.4%
42Khris Davis
94.1%
44Miguel Cabrera
93.8%
44Miguel Cabrera
93.8%
38Miguel Cabrera
93.8%
30Miguel Cabrera
93.8%
38Miguel Cabrera
93.8%
32Ike Davis
93.5%
33Mike Trout
93.5%
34Bryce Harper
93.1%
41Mike Trout
92.6%
36Mike Trout
92.6%
30Mike Trout
92.6%
35Bryce Harper
92.5%
42Bryce Harper
92.1%
36JD Martinez
91.4%
43J.D. Martinez
91.3%
37Josh Bell
91%
42Albert Pujols
91%
31Albert Pujols
91%
30Albert Pujols
91%
40Albert Pujols
91%
37Albert Pujols
91%
45J.D. Martinez
90.5%
37Giancarlo Stanton
90.2%
37Giancarlo Stanton
90.2%
34Giancarlo Stanton
90.2%
44Christian Yelich
89%
47Cody Bellinger
88.1%
41Nolan Arenado
88%
41Nelson Cruz
87.8%
38David Ortiz
87.1%
37David Ortiz
87.1%
35David Ortiz
87.1%
32David Ortiz
87.1%
30David Ortiz
87.1%
37Nelson Cruz
86.6%
39Nelson Cruz
86.6%
31Kris Bryant
86.5%
34Edwin Encarnacion
86.5%
33Alex Rodriguez
86.3%
30Alex Rodriguez
86.3%
41Ryan Braun
86.2%
33Ryan Braun
86.2%
30Ryan Braun
86.2%
38Nolan Arenado
85.5%
32Edwin Encarnacion
85.3%
44Nelson Cruz
85.3%
43Nelson Cruz
85.3%
40Nelson Cruz
85.3%
38Edwin Encarnacion
84.8%
36Joey Votto
84.8%
42Edwin Encarnacion
84.8%
42Edwin Encarnacion
84.8%
39Edwin Encarnacion
84.8%
36Edwin Encarnacion
84.8%
34Edwin Encarnacion
84.8%
36Christian Yelich
84.5%
39Kris Bryant
84.1%
37Josh Donaldson
84%
32Manny Machado
84%
37Nolan Arenado
83.8%
39Jose Ramirez
83.8%
37Joey Votto
82.9%
33Josh Donaldson
82.5%
36Paul Goldschmidt
82.4%
37Manny Machado
82.1%
39Robinson Cano
82.1%
33Robinson Cano
82.1%
33Paul Goldschmidt
82%
33Adam Jones
82%
32Adam Jones
82%
43Josh Hamilton
81.8%
32Josh Hamilton
81.8%
34Paul Goldschmidt
81.5%
38J.D. Martinez
81.3%
32Victor Martinez
81%
32Anthony Rizzo
81%
40Carlos Gonzalez
80.9%
HR Player % Correct
34Carlos Gonzalez
80.9%
31Adrian Gonzalez
80.8%
33Manny Machado
80.6%
41Josh Donaldson
80.6%
37Josh Donaldson
80.6%
39George Springer
80.5%
36Paul Goldschmidt
80.2%
33Paul Goldschmidt
80.2%
31Anthony Rizzo
79.7%
32Anthony Rizzo
79.7%
32Anthony Rizzo
79.7%
33Jose Abreu
79.5%
31Jose Altuve
79.5%
32Francisco Lindor
79.2%
32Mookie Betts
79.2%
38Prince Fielder
79.1%
32Prince Fielder
79.1%
30Prince Fielder
79.1%
47Mark Trumbo
78.9%
34Mark Trumbo
78.9%
32Mark Trumbo
78.9%
36Evan Longoria
78.9%
32Evan Longoria
78.9%
31Evan Longoria
78.9%
38Freddie Freeman
78.7%
42Nolan Arenado
78.6%
41Nolan Arenado
78.6%
53Pete Alonso
78.1%
30Hanley Ramirez
77.8%
37Manny Machado
77.5%
35Manny Machado
77.5%
41Alex Bregman
76.8%
33Jose Abreu
76.4%
41Ronald Acuña Jr.
76%
39Cody Bellinger
76%
36Adrian Beltre
75.9%
32Adrian Beltre
75.9%
30Adrian Beltre
75.9%
32Adrian Beltre
75.9%
38Francisco Lindor
74.2%
36Jose Abreu
73.9%
30Jose Abreu
73.9%
31Andrew McCutchen
73.7%
36Ryan Zimmerman
73.5%
35Trevor Story
73.1%
32Charlie Blackmon
72.5%
33Ryan Howard
71.8%
31Ryan Howard
71.8%
49Eugenio Suarez
71.4%
34George Springer
71.4%
36Jay Bruce
69.8%
39Matt Kemp
69.5%
35Matt Kemp
69.5%
34Jay Bruce
69.5%
33Jay Bruce
69.5%
32Jay Bruce
69.5%
30Jay Bruce
69.5%
39Mark Teixeira
69.5%
33Mark Teixeira
69.5%
31Mark Teixeira
69.5%
33Francisco Lindor
69.4%
34Anthony Rendon
68.9%
48Jorge Soler
68.5%
31Mookie Betts
68%
40Joey Gallo
68%
34Gary Sanchez
67.7%
35Mike Moustakas
67.3%
34Freddie Freeman
67.2%
37Trevor Story
66.9%
43Curtis Granderson
66.9%
41Curtis Granderson
66.9%
30Curtis Granderson
66.9%
35Justin Upton
66.6%
33Brian Dozier
66.3%
35Yoenis Cespedes
66%
31Yoenis Cespedes
66%
42Brian Dozier
65.9%
30Justin Upton
65.8%
37Charlie Blackmon
65.8%
41Adam Dunn
65.6%
38Adam Dunn
65.6%
34Adam Dunn
65.6%
41Joey Gallo
65.3%
34Javier Baez
64.7%
31Alex Bregman
64.5%
38Mike Moustakas
64%
34Carlos Santana
63.4%
39Paul Konerko
63.1%
31Paul Konerko
63.1%
33Gary Sanchez
63%
37Marcell Ozuna
62.4%
36Matt Chapman
61.8%
31Justin Upton
61.1%
HR Player % Correct
31Justin Upton
61.1%
36Matt Carpenter
61%
38Kyle Schwarber
60.8%
34Juan Soto
60.2%
32Ketel Marte
60%
34Miguel Sano
59.9%
35Max Muncy
59.6%
40Todd Frazier
59.3%
35Todd Frazier
59.3%
38Gleyber Torres
58.8%
34Alfonso Soriano
58.2%
32Alfonso Soriano
58.2%
36Matt Olson
57.4%
41Chris Carter
57.3%
37Chris Carter
57.3%
33Xander Bogaerts
56.9%
30Domingo Santana
56%
34Eugenio Suarez
55.5%
30Troy Tulowitzki
55%
32Carlos Beltran
54.9%
36Joc Pederson
54.8%
34Carlos Santana
53.4%
30Kyle Seager
53.4%
30Rougned Odor
52.4%
32Rafael Devers
52.2%
35Max Muncy
51.3%
37Franmil Reyes
51.3%
30Mark Reynolds
51.2%
38Justin Smoak
49.9%
36Max Kepler
49.9%
33Marcus Semien
48.8%
30Kyle Schwarber
48.2%
37Mark Reynolds
48.1%
32Mark Reynolds
48.1%
34Rhys Hoskins
47.6%
34Mike Napoli
47.4%
30Mike Napoli
47.4%
32Eddie Rosario
47.4%
30Rougned Odor
46.8%
33Kole Calhoun
46.5%
33Michael Conforto
45.9%
31Yuli Gurriel
45.5%
35Trey Mancini
44.1%
35Eduardo Escobar
44.1%
32Ian Kinsler
44%
33Rougned Odor
44%
35Jesus Aguilar
44%
36Pedro Alvarez
43.4%
30Pedro Alvarez
43.4%
31Eric Thames
42.6%
30Wil Myers
41.8%
33Hunter Renfroe
41.3%
32Jonathan Schoop
41.2%
38Logan Morrison
41.1%
33Austin Meadows
40.5%
30Paul DeJong
40.5%
32Jacoby Ellsbury
40.4%
32Travis Shaw
39.9%
31Mitch Garver
39.3%
30Lucas Duda
38.9%
36Dan Uggla
38.3%
33Dan Uggla
38.3%
33Adam Duvall
38.3%
31Adam Duvall
38.1%
31Travis Shaw
37%
32Evan Gattis
36.3%
30J.J. Hardy
36.3%
30Lucas Duda
36.2%
30Kendrys Morales
35.3%
30David Peralta
33.8%
30Jake Lamb
33.6%
31Lance Berkman
32%
30Dan Vogelbach
31.9%
31Randal Grichuk
31.2%
30C.J. Cron
30.4%
33Adam LaRoche
30%
32Josh Reddick
29.7%
31Chase Headley
29.2%
31Eloy Jimenez
28.5%
30Brad Miller
25.5%
31Vernon Wells
25.5%
35Josh Willingham
24.8%
31Renato Nunez
24.7%
31Corey Hart
23.7%
30Corey Hart
23.7%
30Steven Souza Jr.
23.4%
31Yasmany Tomas
22.7%
30Scott Schebler
22.8%
30Jedd Gyorko
21.1%
30Brandon Moss
19.7%
31Mike Morse
14%
30Jason Kubel
13.1%

You're not logged in!

Compare scores with friends on all Sporcle quizzes.
OR
Log In

Sporcle TV

Today on Sporcle TV


Watch our educational content, quiz creation guides, and fun videos on Sporcle TV.

Show Comments

Extras

Top Quizzes Today


Score Distribution

Paid Content

Your Account Isn't Verified!

In order to create a playlist on Sporcle, you need to verify the email address you used during registration. Go to your Sporcle Settings to finish the process.

Report this User

Report this user for behavior that violates our Community Guidelines.

Details: